「も」から始まる駅 - Statistics

General Stats
  • This quiz has been taken 29 times
  • The average score is 36 of 89
Answer Stats
Hint Answer % Correct
北海道
88%
大阪
88%
栃木 真岡
80%
福井 森田
80%
栃木 茂木
72%
岩手 盛岡
68%
愛知 守山
68%
滋賀 守山
68%
東京 門前仲町
68%
福岡 門司
64%
福岡 門司港
64%
神奈川 元住吉
64%
千葉 茂原
64%
長崎 森山
64%
北海道 元町
60%
兵庫 元町
60%
神奈川 元町・中華街
60%
山形 最上
56%
大阪 百舌鳥
56%
愛知 本山
56%
長崎 本山
56%
京都 桃山
56%
東京 森下
56%
愛知 森下
56%
福岡 森下
56%
茨城 守谷
56%
埼玉 毛呂
56%
愛知 本笠寺
52%
千葉 元山
52%
香川 元山
52%
千葉 本八幡
52%
大阪 守口
52%
大阪 森ノ宮
52%
愛知 本星崎
48%
福島 本宮
48%
大阪 百舌鳥八幡
44%
岐阜 本巣
44%
千葉 物井
44%
京都 桃山御陵前
44%
大阪 守口市
44%
兵庫 門戸厄神
44%
岩手 茂市
40%
埼玉 持田
40%
大阪 桃谷
40%
大阪 桃山台
40%
福島 門田
40%
山形 茂吉記念館前
36%
東京 百草園
36%
北海道 妹背牛
36%
三重 桃園
36%
愛知 守山自衛隊前
36%
宮城 杜せきのした
32%
石川 森本
32%
岐阜 モレラ岐阜
32%
宮崎 餅原
28%
奈良 元山上口
28%
京都 元田中
28%
京都 桃山南口
28%
愛知 森上
28%
大阪 森小路
28%
長野 森宮野原
28%
静岡 用宗
24%
群馬 本宿
24%
愛知 本宿
24%
千葉 本銚子
24%
東京 本蓮沼
24%
栃木 樅山
24%
長野 森口
24%
秋田 森岳
24%
群馬 茂林寺前
24%
北海道 藻琴
20%
鳥取 用瀬
20%
長野 元善光寺
20%
北海道 茂辺地
20%
佐賀 桃川
20%
長崎 茂里町
20%
静岡 森町病院前
20%
北海道 門静
20%
福島 舞木
16%
埼玉 元加治
16%
北海道 本輪西
16%
福島 桃内
16%
北海道 茂尻
12%
広島 元宇品口
12%
東京 モノレール浜松町
12%
福岡 守恒
12%
兵庫 諸寄
12%
高知 文殊通
12%
山形 本楯
8%
No matching quizzes found
Score Distribution
Percent of People with Each Score
Percentile by Number Answered
Your Score History
You have not taken this quiz